Guía de la conversación latina y griega /
Enregistré dans:
| Format: | Livre |
|---|---|
| Langue: | espagnol |
| Sujets: | |
| Tags: |
Pas de tags, Soyez le premier à ajouter un tag!
|
MARC
| LEADER | 00000nam^a2200000^a^4500 | ||
|---|---|---|---|
| 001 | 000380473 | ||
| 005 | 20250526000000.0 | ||
| 009 | 20260310120604.957 | ||
| 037 | |a Acervo Xavier Clavigero | ||
| 041 | |a ESP | ||
| 082 | |a 462. |b GUI | ||
| 245 | 0 | 0 | |a Guía de la conversación latina y griega / |
| 264 | |a París, Francia : |b Librería de Rosa y Bouret, |c 1891, c1891 | ||
| 300 | |a 204 p. ; |c 16.0 cm. | ||
| 336 | |a texto |b txt |2 rdacontenido | ||
| 337 | |a sin mediación |b n |2 rdamedio | ||
| 338 | |a volumen |b nc |2 rdasoporte | ||
| 546 | |a Edición trilingüe español-griego-latín | ||
| 561 | |a Ex libris manuscrito de Gómez Fregoso | ||
| 561 | |a Ex libris manuscrito de B. de M. Gómez | ||
| 649 | |a XX | ||
| 650 | |a Griego - |x Glosarios, Vocabularios, etc | ||
| 650 | |a Latín - |x Glosarios, Vocabularios, etc | ||
| 650 | |a Español - |x Glosarios, Vocabularios, etc. - |x Tema Principal | ||
| 650 | |a Verbo | ||
| 650 | |a Calendario Griego | ||
| 650 | |a Calendario Romano | ||
| 650 | |a Sistema Métrico | ||
| 650 | |a Glosarios, Vocabularios, etc | ||
| 650 | |a Lenguaje y Lenguas | ||
| 650 | |a Lingüística | ||
| 910 | |a Fondo General | ||
| 920 | |a Impresos - Libros | ||
| 930 | |a Libros Antiguos y Raros | ||
| 905 | |a 108 | ||
| 901 | |a 0500275657 |b IT2 |c LRA |u 20250526 | ||
| 902 | |a https://opac.biblio.iteso.mx/vufind/Record/000380473 | ||